000 00516nam a2200169Ia 4500
999 _c1669
_d1669
003 OSt
005 20200923140005.0
008 190216s9999||||xx |||||||||||||| ||und||
040 _coclc
082 _a582.13095483
_bSIV/F
100 _aSivarajan, V V
_94885
245 0 _aFlora Of Nilambur /
_cV V Sivarajan ; Philip Mathew
260 _bBishen Singh Mahendra Pal Singh,
_aDehradun:
_c1997.
300 _a900p
650 _aBotany
942 _cBK
_2ddc
_h582.13095483
_iSIV/F
_k582.13095483
_mSIV/F